header

Home ownership (Record no. 136482)

MARC details
000 -LEADER
fixed length control field 01322nam a2200337Ia 4500
245 00 - TITLE STATEMENT
Title Home ownership
260 ## - PUBLICATION, DISTRIBUTION, ETC. (IMPRINT)
Place of publication Delft :
Name of publisher DUP Science,
Year of publication c2005.
300 ## - PHYSICAL DESCRIPTION
Number of Pages 271 p. :
Other physical details ill.
490 1# - SERIES STATEMENT
Series statement Housing and urban policy studies,
650 #0 - SUBJECT ADDED ENTRY--TOPICAL TERM
Topical Term Home ownership
Topical Term Housing
700 1# - ADDED ENTRY--PERSONAL NAME
Personal name Boelhouwer, P. J.
Personal name Doling, J. F.
Personal name Elsinga, Marja.
856 40 - ELECTRONIC LOCATION AND ACCESS
Uniform Resource Identifier http://site.ebrary.com/lib/rucke/Doc?id=10167403

No items available.

© 2026 Rongo University
Contact us: librarian | system librarian | Rongo university